[Event "Olympiad-37"]
[Site "Turin"]
[Date "2006.05.29"]
[Round "8"]
[White "Macieja, Bartlomiej"]
[Black "Carlsen, Magnus"]
[Result "1/2-1/2"]
[WhiteElo "2584"]
[BlackElo "2646"]
[PlyCount "111"]
[EventDate "2006.05.21"]
[EventType "team-swiss"]
[EventRounds "13"]
[EventCountry "ITA"]
[SourceTitle "CBM 113"]
[Source "ChessBase"]
[SourceDate "2006.07.31"]
[SourceVersion "1"]
[SourceVersionDate "2006.07.31"]
[SourceQuality "1"]
[WhiteTeam "Poland"]
[BlackTeam "Norway"]
[WhiteTeamCountry "POL"]
[BlackTeamCountry "NOR"]

1. d4 {ChessBase II} Nf6 2. c4 e6 3. Nf3 b6 4. g3 Ba6 5. b3 Bb4+ 6. Bd2 Be7 7. Bg2 c6 8. Bc3 d5 9. Ne5 Nfd7 10. Nxd7 Nxd7 11. Nd2 O-O 12. O-O Rc8 13. e4 b5 14. Re1 dxe4 15. Nxe4 bxc4 16. Qe2 Rb8 ({RR} 16... Nf6 17. Nc5 Bxc5 18. dxc5 Qe7 19. b4 Rfd8 20. Qb2 Ne8 21. a3 Rd3 22. Rad1 Qd7 23. Qc2 Rd8 24. Bf3 Nc7 25. Be2 Rxd1 26. Rxd1 Nd5 27. Bd4 f6 28. Bxc4 Bxc4 29. Qxc4 e5 30. Be3 Qb7 31. Bc1 {Andrade,A (2100)-Lanzani,M (2423) Grosseto 2010 ½-½ (38)}) ({RR} 16... Nf6 17. Nc5 Bxc5 18. dxc5 Qe7 19. Qe5 cxb3 20. axb3 Bb5 21. Re4 Ne8 22. b4 Rd8 23. Rh4 f6 24. Qe4 g6 25. Qe1 Ng7 26. Re4 Rfe8 27. f4 Kf7 28. h3 h5 29. g4 hxg4 30. hxg4 f5 31. Re5 {Dziuba,M (2491)-Macieja,B (2585) Krakow 2006 ½-½ (50)}) 17. Bf1 Nb6 $146 ({RR} 17... Bb4 18. Qd2 Qa5 19. Bxb4 Qxb4 20. Qf4 Rbd8 21. Rab1 Qa3 22. bxc4 Nb6 23. Rbc1 Qa5 24. Nc5 Nd7 25. Nb3 Qxa2 26. Qe3 Rb8 27. Nd2 c5 28. Ra1 Qb2 29. Rxa6 cxd4 30. Qe2 d3 31. Qe3 Ne5 32. Qxe5 {Shirov,A (2699)-Karjakin,S (2661) Foros 2006 1-0 (35)}) ({RR} 17... Qc8 18. bxc4 Nb6 19. Nd2 Na4 20. Ba5 c5 21. Qd1 Nb2 22. Qg4 Bd8 23. Nb3 cxd4 24. Qxd4 Bf6 25. Qxa7 Ra8 26. Qc5 Nxc4 27. Rac1 Nxa5 28. Qxa5 Qd8 29. Qxd8 Rfxd8 30. Bxa6 Rxa6 31. Re2 g6 32. Kf1 {Mamedyarov,S (2757)-Adams,M (2734) Sofia 2007 ½-½ (37)}) ({RR} 17... Nf6 18. Nc5 Nd5 19. Nxa6 Nxc3 20. Qxc4 Nb5 ({RR} 20... Rb6 21. Qxc3) 21. Nxb8 Qxb8 22. a4 Nd6 23. Qxc6 Nf5 24. Rad1 Bf6 25. Qe4 Qxb3 26. d5 Nd6 27. Qe3 Qxe3 28. Rxe3 e5 29. Rc3 Bd8 30. Rc6 Nf5 31. d6 Bb6 32. d7 {Sasikiran,K (2690)-Adams,M (2734) Sofia 2007 CBM 118 [ChessBase II] 1-0 (34)}) 18. Nc5 Bb5 19. a4 Nd5 20. Qf3 Bxc5 21. dxc5 Ba6 22. bxc4 Nxc3 23. Qxc3 Qf6 24. Qxf6 gxf6 25. Red1 Rfd8 26. Bg2 Rxd1+ 27. Rxd1 Rb4 28. h4 Rxc4 29. Rd7 Rxc5 30. Rxa7 Bc4 31. Rc7 Bd5 32. Bxd5 exd5 33. a5 Rxa5 34. Rxc6 Kg7 35. Kg2 h5 36. Rd6 Kg6 37. Rd7 Rb5 38. Kf3 Rb3+ 39. Ke2 Rb2+ 40. Ke3 Rb5 41. Kf3 f5 42. Rd6+ f6 43. Rd7 Rb3+ 44. Kf4 Rd3 45. Rd8 Rd4+ 46. Ke3 Re4+ 47. Kf3 d4 48. Rd7 Rg4 49. Rd5 f4 50. Rxd4 fxg3 51. Rxg4+ hxg4+ 52. Kxg3 Kh5 53. Kf4 Kxh4 54. Kf5 g3 55. fxg3+ Kxg3 56. Kxf6 1/2-1/2

[Event "Tromsoe Midnight Sun"]
[Site "Tromsoe"]
[Date "2006.06.27"]
[Round "4"]
[White "Johannessen, Leif Erlend"]
[Black "Carlsen, Magnus"]
[Result "0-1"]
[WhiteElo "2559"]
[BlackElo "2646"]
[PlyCount "72"]
[EventDate "2006.06.24"]
[EventType "swiss"]
[EventRounds "9"]
[EventCountry "NOR"]
[SourceTitle "CBM 112 Extra"]
[Source "ChessBase"]
[SourceDate "2006.07.14"]
[SourceVersion "1"]
[SourceVersionDate "2006.07.14"]
[SourceQuality "1"]

1. d4 Nf6 2. c4 c5 3. d5 b5 4. cxb5 a6 5. bxa6 g6 6. Nc3 Bxa6 7. g3 d6 8. Bg2 Bg7 9. Nf3 Nbd7 10. Rb1 O-O 11. O-O Qa5 12. Qc2 Rfb8 13. Rd1 Ng4 14. Bd2 Nge5 15. Nxe5 Nxe5 16. b3 Bc8 17. Na4 Qa6 18. Bc3 Bf5 19. Be4 Bd7 20. f4 Ng4 21. Bxg7 Kxg7 22. Bf3 c4 23. e3 Qa7 24. Re1 cxb3 25. axb3 Nf6 26. Ra1 Rb4 27. Kh1 $146 ({RR} 27. Kg2 Rc8 28. Qd1 Qb7 29. e4 Rxb3 30. e5 Ng4 31. Bxg4 Bxg4 32. Qxg4 Qxd5+ 33. Kh3 Rc2 34. Re2 h5 {0-1 (34) Mosionzhik,I (2162)-Moiseenko,V (2403) Moscow 2009}) 27... Rc8 28. Qd1 Qb7 29. e4 Rxb3 30. e5 Ng4 31. Bxg4 Bxg4 32. Qxg4 Qxd5+ 33. Kg1 Rc2 34. Qh3 Qd4+ 35. Kh1 Re3 36. Qf1 Qd2 0-1

[Event "NOR-ch"]
[Site "Moss"]
[Date "2006.07.08"]
[Round "1"]
[White "Carlsen, Magnus"]
[Black "Stokke, Kjetil"]
[Result "1-0"]
[WhiteElo "2673"]
[BlackElo "2303"]
[PlyCount "77"]
[EventDate "2006.07.08"]
[EventType "swiss"]
[EventRounds "9"]
[EventCountry "NOR"]
[SourceTitle "CBM 113 Extra"]
[Source "ChessBase"]
[SourceDate "2006.09.14"]
[SourceVersion "1"]
[SourceVersionDate "2006.09.14"]
[SourceQuality "1"]

1. d4 Nf6 2. c4 g6 3. Nc3 Bg7 4. e4 d6 5. Nf3 O-O 6. Be2 e5 7. O-O Na6 8. Re1 c6 9. Bf1 exd4 10. Nxd4 Ng4 11. h3 Qb6 12. hxg4 Qxd4 13. g5 Qxd1 14. Rxd1 Nc5 15. f3 Be5 16. Be3 a5 17. Rac1 ({RR} 17. Rd2 a4 18. Rc1 a3 19. b4 Na4 20. Nd1 Be6 21. Bd4 Bf4 22. Be3 Be5 23. Bd4 Rfd8 24. Kf2 c5 25. Bxe5 dxe5 26. Rxd8+ Rxd8 27. Ke1 cxb4 28. Rb1 Nc3 29. Nxc3 bxc3 30. Rd1 Rd4 31. Be2 Kf8 {Topalov,V (2801)-Svidler,P (2765) Monte Carlo 2006 0-1 (34)}) 17... a4 18. Rc2 ({RR} 18. Kf2 Be6 19. Bd4 Rfd8 20. g3 Kf8 21. f4 Bxd4+ 22. Rxd4 Ke7 23. Rcd1 Bg4 24. Be2 Bxe2 25. Kxe2 Rd7 26. Ke3 Rh8 27. R4d2 h5 28. f5 Rdd8 29. f6+ Ke8 30. e5 h4 31. Ne4 Nxe4 32. Kxe4 hxg3 {Torres Rosas,L (2313)-Gracia Alvarez,G (2271) Pachuca MEX 2024 0-1 (54)}) 18... Ne6 $146 ({RR} 18... f5 19. gxf6 Rxf6 20. Ne2 Ne6 21. Kf2 g5 22. g3 c5 23. Bg2 Bd7 24. Bd2 Bc6 25. Ke1 Nd4 26. Nxd4 Bxg3+ 27. Ke2 cxd4 28. Bxg5 Rg6 29. Bc1 Rf8 30. Kd3 Be5 31. Rf1 Rg3 32. Bh1 Rf6 33. Rg2 {Winants,L (2455)-Visser,Y (2340) Ostend 1990 ½-½ (38)}) ({RR} 18... Be6 19. f4 Bxc3 20. Bxc5 dxc5 21. Rxc3 Rfd8 22. Rxd8+ Rxd8 23. Bd3 Rd4 24. Kf2 b5 25. Ke3 Bxc4 26. Bxc4 bxc4 27. Ra3 Kg7 28. Rxa4 Rd3+ 29. Ke2 Rd4 30. b3 Rxe4+ 31. Kf3 Rd4 32. Rxc4 Rd3+ 33. Ke2 {Andersson,F (2249)-Nithander,V (2434) Sweden 2010 ½-½ (51)}) 19. Ne2 Nc5 20. Nc1 Re8 21. Nd3 Nxd3 22. Rxd3 f5 23. gxf6 Re6 24. Bg5 Kf7 25. Rcd2 Ra5 26. Be3 Rxf6 27. Bb6 Ra8 28. Bc7 Bf4 29. Rd1 Ke7 30. c5 dxc5 31. Bd8+ Kf7 32. Bxf6 Kxf6 33. g3 Be5 34. Rd8 Ke7 35. Bh3 Bxh3 36. Rxa8 Bxg3 37. Rh8 Be6 38. Rxh7+ Bf7 39. Rxf7+ 1-0

[Event "NOR-ch"]
[Site "Moss"]
[Date "2006.07.09"]
[Round "2"]
[White "Johannessen, Leif Erlend"]
[Black "Carlsen, Magnus"]
[Result "1/2-1/2"]
[WhiteElo "2555"]
[BlackElo "2673"]
[PlyCount "93"]
[EventDate "2006.07.08"]
[EventType "swiss"]
[EventRounds "9"]
[EventCountry "NOR"]
[SourceTitle "CBM 113 Extra"]
[Source "ChessBase"]
[SourceDate "2006.09.14"]
[SourceVersion "1"]
[SourceVersionDate "2006.09.14"]
[SourceQuality "1"]

1. d4 Nf6 2. c4 e6 3. Nc3 Bb4 4. Qc2 d5 5. Nf3 O-O 6. a3 Bxc3+ 7. Qxc3 dxc4 8. Qxc4 b6 9. Bg5 Ba6 10. Qc2 Nbd7 11. e4 Bxf1 12. Rxf1 h6 13. Bxf6 Nxf6 14. O-O-O Qe7 $146 ({RR} 14... c5 15. Kb1 Qc7 16. Rfe1 Qb7 17. Qe2 Rac8 18. dxc5 Rxc5 19. Nd4 b5 20. Nb3 Rc7 21. Rd4 a6 22. f3 Nd7 23. Red1 Ne5 24. Na5 Qb8 25. Qd2 Rfc8 26. Rd8+ Kh7 27. Rxc8 Qxc8 28. Qd8 Rc1+ 29. Ka2 {Shemeakin,A (2314)-Shalimov,V (2415) Lubny 2011 0-1 (41)}) ({RR} 14... Qe8 15. Kb1 Rd8 16. Rfe1 c5 17. dxc5 Rc8 18. Rd4 {½-½ (18) Medic,M (2314)-Franciskovic,B (2216) Krapina 2010}) 15. Ne5 c5 16. dxc5 Qc7 17. f4 bxc5 18. Nc4 Rad8 19. e5 Rxd1+ 20. Rxd1 Nd5 21. Qe4 Rb8 22. f5 Qe7 23. Qg4 exf5 24. Qxf5 Qh4 25. g4 Ne7 26. Qd7 Qg5+ 27. Kb1 Qg6+ 28. Ka1 Qc2 29. Qd3 Qxh2 30. Qd6 Rb7 31. e6 Qxd6 32. Nxd6 Rb6 33. exf7+ Kf8 34. Kb1 Rc6 35. Kc2 Ng6 36. Rd5 Nf4 37. Rd2 Ne6 38. Kc3 Nd4 39. Ne4 Kxf7 40. b4 cxb4+ 41. Kxd4 bxa3 42. Ra2 Ra6 43. Nc5 Ra5 44. Kc4 a6 45. Kb4 Rb5+ 46. Kc4 Ra5 47. Kb4 1/2-1/2

[Event "NOR-ch"]
[Site "Moss"]
[Date "2006.07.10"]
[Round "4"]
[White "Ostmoe, Geir S Tallaksen"]
[Black "Carlsen, Magnus"]
[Result "1/2-1/2"]
[WhiteElo "2356"]
[BlackElo "2673"]
[PlyCount "107"]
[EventDate "2006.07.08"]
[EventType "swiss"]
[EventRounds "9"]
[EventCountry "NOR"]
[SourceTitle "CBM 113 Extra"]
[Source "ChessBase"]
[SourceDate "2006.09.14"]
[SourceVersion "1"]
[SourceVersionDate "2006.09.14"]
[SourceQuality "1"]

1. d4 Nf6 2. c4 e6 3. Nf3 b6 4. g3 Ba6 5. Nbd2 Bb4 6. Qc2 Bb7 7. Bg2 c5 8. dxc5 Bxc5 9. O-O Be7 10. b3 d6 11. Bb2 Nbd7 12. e4 ({RR} 12. Rac1 Qc7 13. Rfe1 O-O 14. e4 a6 15. Qb1 Rac8 16. Nd4 Qb8 17. f4 Qa8 18. Bf3 Rfd8 19. g4 e5 20. Nf5 Bf8 21. g5 Ne8 22. Qa1 Nc5 23. Qb1 Ne6 24. Nf1 Nxf4 25. h4 b5 26. N1e3 bxc4 {Radjabov,T (2747)-Carlsen,M (2693) Porto Vecchio 2007 1-0 (45)}) 12... Qc7 13. Rfe1 $146 ({RR} 13. Nd4 O-O 14. Nb5 Qb8 15. Qd3 a6 16. Nd4 Qc7 17. Rae1 Rfe8 18. Qe2 Bf8 19. h3 g6 20. Rc1 Rac8 21. Rfe1 Qb8 22. Qe3 Ba8 23. a4 e5 24. Nc2 b5 25. axb5 axb5 26. Ba3 bxc4 27. bxc4 Rc7 {Tregubov,P (2598)-Chuchelov,V (2565) Germany 2011 ½-½ (57)}) ({RR} 13. Nd4 a6 14. f4 O-O 15. Rad1 Rac8 16. Qd3 Rfe8 17. Qe2 Bf8 18. g4 Nc5 19. g5 Nfd7 20. b4 Na4 21. Ba1 d5 22. Rf3 Bxb4 23. Rh3 Bxd2 24. Rxd2 dxe4 25. Nf5 exf5 26. Rxd7 Qxd7 27. Qh5 Rc6 {Akdag,D (2236)-Roser,K (2406) Helsingor 2014 0-1}) 13... O-O 14. e5 dxe5 15. Nxe5 Bxg2 16. Kxg2 Qb7+ 17. Kg1 Nxe5 18. Bxe5 Rfd8 19. Bc3 Rd7 20. Rad1 Rad8 21. Ne4 Ne8 22. Rxd7 Rxd7 23. Re2 h6 24. Rd2 Rxd2 25. Nxd2 Qd7 26. Qe4 Nf6 27. Qa8+ Kh7 28. Qf3 Bd8 29. Kf1 Kg8 30. Ke2 Ne8 31. Qd3 Qc8 32. b4 Be7 33. a4 Nd6 34. Be5 Nb7 35. Bc3 Bf8 36. Ne4 Qc6 37. b5 Qc7 38. Kf1 Qe7 39. Bd4 Qb4 40. Qc2 Qa3 41. Kg2 Qe7 42. Qd3 Qd7 43. Qe3 Na5 44. Qc3 f5 45. Nd2 Bb4 46. Qxb4 Qxd4 47. Qe7 Qxd2 48. Qxe6+ Kf8 49. Qxf5+ Ke7 50. Qe5+ Kf8 51. Qf5+ Ke7 52. Qe5+ Kd7 53. Qxg7+ Kd6 54. Qf8+ 1/2-1/2

[Event "NOR-ch"]
[Site "Moss"]
[Date "2006.07.14"]
[Round "8"]
[White "Djurhuus, Rune"]
[Black "Carlsen, Magnus"]
[Result "0-1"]
[WhiteElo "2462"]
[BlackElo "2673"]
[PlyCount "138"]
[EventDate "2006.07.08"]
[EventType "swiss"]
[EventRounds "9"]
[EventCountry "NOR"]
[SourceTitle "CBM 113 Extra"]
[Source "ChessBase"]
[SourceDate "2006.09.14"]
[SourceVersion "1"]
[SourceVersionDate "2006.09.14"]
[SourceQuality "1"]

1. d4 Nf6 2. Bg5 d5 3. Bxf6 exf6 4. e3 f5 5. c4 dxc4 6. Bxc4 Bd6 7. Nc3 O-O 8. Nf3 Nd7 9. O-O Nf6 ({RR} 9... c6 10. Qc2 Nf6 11. a3 Qe7 12. b4 Bd7 13. Bd3 g6 14. Na4 Rad8 15. Nc5 Bc8 16. Bc4 Kg7 17. Rab1 Ne4 18. Qb2 Qf6 19. Ne5 Qe7 20. Ned3 b6 21. Nxe4 fxe4 22. Nc1 Qh4 23. g3 Qf6 24. Re1 {Korobov,A (2715)-Leko,P (2737) Kiev 2013 ½-½ (50)}) 10. Qc2 a6 ({RR} 10... Qe7 11. a3 c6 12. Rfe1 Be6 13. Bd3 g6 14. h3 Rfe8 15. Ng5 Nd5 16. Nxe6 Qxe6 17. e4 Nxc3 18. Qxc3 fxe4 19. Rxe4 Qd7 20. Rae1 Rxe4 21. Rxe4 Rd8 22. Bc4 Kg7 23. d5+ Kg8 24. dxc6 Qxc6 25. Re3 {Modric,N (2088)-Turzo,A (2247) chess.com INT 2025 1-0 (57)}) 11. Rfe1 g6 $146 ({RR} 11... Rb8 12. Rad1 g6 13. a3 Kg7 14. Ba2 Qe7 15. Nd2 b5 16. b4 a5 17. bxa5 Bxa3 18. Nd5 Nxd5 19. Bxd5 Bb4 20. Ra1 Qd6 21. Bf3 Bb7 22. Reb1 Bxd2 23. Qxd2 Bxf3 24. gxf3 Qd5 25. Qc3 Qd7 26. Kg2 {Alburt,L (2515)-Mednis,E (2485) New York 1980 1-0 (48)}) 12. a4 Kg7 13. Rad1 Rb8 14. g3 Qe8 15. Nd5 Qe4 16. Qxe4 Nxe4 17. Re2 Bd7 18. Ra1 b5 19. axb5 axb5 20. Bd3 Bc6 21. Nxc7 Rb7 22. d5 Bd7 23. Na6 Ra8 24. b4 Rba7 25. Rea2 Bc8 26. Bxb5 Nc3 27. Nc7 Rxa2 28. Rxa2 Rxa2 29. Ne8+ Kf8 30. Nxd6 Nxb5 31. Nxc8 Ra6 32. Ne5 Ke8 33. Nc4 Kd8 34. N8b6 Kc7 35. d6+ Nxd6 36. Nd5+ Kc6 37. Nxd6 Kxd6 38. Nc3 Rb6 39. b5 Rb8 40. Kg2 Kc5 41. h4 Kc4 42. Ne2 Rxb5 43. Nd4 Rd5 44. Nf3 h6 45. Kg1 Kd3 46. Kg2 Ke4 47. Ng1 Rd2 48. Nf3 Rd1 49. Nh2 f6 50. Nf3 g5 51. h5 Rd5 52. Ng1 Rd2 53. Nf3 Rd1 54. Ng1 Rxg1+ 55. Kxg1 Kf3 56. Kf1 Kg4 57. Kg2 Kxh5 58. Kf3 Kg6 59. e4 fxe4+ 60. Kxe4 h5 61. Kf3 Kf5 62. g4+ hxg4+ 63. Kg3 Ke5 64. Kxg4 Ke4 65. Kg3 f5 66. Kg2 f4 67. Kg1 Kf3 68. Kf1 g4 69. Kg1 Ke2 0-1

[Event "Biel GM"]
[Site "Biel"]
[Date "2006.07.24"]
[Round "1"]
[White "Pelletier, Yannick"]
[Black "Carlsen, Magnus"]
[Result "0-1"]
[WhiteElo "2583"]
[BlackElo "2675"]
[PlyCount "70"]
[EventDate "2006.07.24"]
[EventType "tourn"]
[EventRounds "10"]
[EventCountry "SUI"]
[EventCategory "17"]
[SourceTitle "CBM 114"]
[Source "ChessBase"]
[SourceDate "2006.10.02"]
[SourceVersion "1"]
[SourceVersionDate "2006.10.02"]
[SourceQuality "1"]

1. d4 Nf6 2. Nf3 e6 3. c4 b6 4. g3 Bb4+ 5. Bd2 Bxd2+ 6. Qxd2 Ba6 7. Na3 O-O 8. Bg2 Bb7 9. O-O ({RR} 9. Nb5 a6 10. Nc3 Ne4 11. Qc2 Nxc3 12. bxc3 Nc6 13. O-O Na5 14. c5 d6 15. Qa4 dxc5 16. dxc5 Qe7 17. cxb6 cxb6 18. Rab1 {½-½ (18) Eljanov,P (2693)-Efimenko,Z (2689) Kiev 2012}) 9... d6 10. Rad1 $146 ({RR} 10. Nb5 Nbd7 11. Qc2 Qb8 12. Nc3 c6 13. e4 b5 14. e5 dxe5 15. dxe5 Nxe5 16. Nxe5 Qxe5 17. cxb5 Rac8 18. Qb3 Rb8 19. a4 cxb5 20. axb5 Bxg2 21. Kxg2 Rb7 {½-½ (21) Lengyel,L-Portisch,L Kecskemet 1966}) ({RR} 10. Rfd1 Nbd7 11. Nb5 a6 12. Nc3 Ne4 13. Nxe4 Bxe4 14. d5 Nf6 15. Nd4 Bxg2 16. Kxg2 Qd7 17. Nc6 Rae8 18. Qc2 h5 19. f3 e5 20. b4 Nh7 21. a4 f5 22. e3 Ng5 23. f4 Ne4 24. fxe5 dxe5 {Kempinski,R (2566)-Bartel,M (2608) Walbrzych POL 2024 0-1 (56)}) ({RR} 10. Rac1 Nbd7 11. Nb5 Ne4 12. Qe3 a6 {½-½ (12) Olafsson,F-Szabo,L Reykjavik 1968}) 10... Nbd7 11. Rfe1 Qe7 12. Nh4 Bxg2 13. Nxg2 c5 14. Ne3 Rfd8 15. Nb5 cxd4 16. Qxd4 Nc5 17. Qf4 Nce4 18. Ng4 Nxg4 19. Qxe4 Nf6 20. Qf3 Ne8 21. a4 Rac8 22. b3 Nf6 23. Nc3 h6 24. Rd3 Nd7 25. Qb7 Qf8 26. Qxa7 Nc5 27. Rdd1 Rc6 28. a5 Ra8 29. axb6 Rxa7 30. bxa7 Qa8 31. Ra1 Nxb3 32. Ra4 Nd2 33. Nb5 Nxc4 34. Rb1 Kh7 35. f3 d5 0-1